[Event "Mechanics' Fall TNM; G/2 d5"]
[Site "San Francisco"]
[Date "2017.12.05"]
[Round "7.2"]
[White "Diaz, Conrado"]
[Black "Winslow, Elliott C"]
[Result "1-0"]
[WhiteElo "2299"]
[BlackElo "2318"]
[Annotator "Winslow,Elliott"]
[PlyCount "87"]
[EventDate "2017.??.??"]

1. d4 Nf6 2. Nf3 g6 3. c3 Bg7 4. Bg5 Ne4 $6 (4... O-O) (4... b6) (4... d6) (
4... d5 5. Nbd2 O-O 6. e3 c6 7. Be2 Bg4 (7... Qb6 8. Qc1 (8. b4)) 8. O-O Nbd7)
5. Bh4 c5 $2 (5... d5) 6. e3 (6. Nbd2) (6. d5 $5) 6... d5 $1 7. Nbd2 Qb6 (7...
Nc6 $5) 8. Qb3 (8. Qc2 $5) 8... Nxd2 9. Nxd2 Nc6 (9... c4 10. Qxb6 axb6 11. Be2
(11. e4 e6 12. Be2 b5 13. Bf3 e5 14. dxe5 d4 15. cxd4 Nc6 16. Bd1 Nxd4 17. f4
Ne6 18. Bg3 h5 19. h4 Bf8 20. O-O Bb4 21. Nf3 Bc5+ 22. Kh1 Be3 23. f5 gxf5 24.
exf5 Nd4 25. e6 Nxf5 26. exf7+ Kxf7 27. Be5 Re8 28. Bc2 Kg8 29. Bxf5 Bxf5 30.
a3 Bd3 31. Rfe1 Bf2 32. Red1 Bxh4 33. Bc3 Bf2 34. Ne5 Rad8 35. g4 Be4+ 36. Kh2
h4 37. Nd7 Bf3 38. Nf6+ Kf7 39. Rxd8 Bg3+ 40. Kg1 Rxd8 41. Rf1 h3 {
0-1 (41) Hein,A (2247)-Kopylov,L (1683) Germany 2005}) 11... Bd7 12. O-O e6 13.
e4 O-O 14. Rfe1 b5 15. Bf3 Bh6 16. Nf1 dxe4 17. Bxe4 Bc6 18. a3 Nd7 19. Rad1
Nb6 20. Bc2 Nd5 21. Ne3 Nf4 22. Bg3 Nd5 23. Nxd5 Bxd5 24. Bh4 Kg7 25. Be4 Bxe4
26. Rxe4 f5 27. Re5 g5 28. Bg3 b4 29. cxb4 f4 30. h4 g4 31. Bh2 c3 32. bxc3
Rxa3 33. Rc5 Rfa8 34. Rc7+ Kg6 35. h5+ Kxh5 36. Rxh7 Kg6 37. Rxh6+ Kxh6 38.
Bxf4+ Kg6 39. Rd3 Kf5 40. Bd2 Ra1+ 41. Kh2 Rd1 42. d5 Ra2 43. dxe6 Kxe6 44.
Re3+ Kf5 45. Be1 Raa1 {
0-1 (45) Vunder,A (2265)-Orlov,V (2430) St Petersburg 1996}) 10. Nf3 $146 (10.
Be2 O-O (10... cxd4 11. exd4 (11. Qxb6 axb6 12. exd4 e5 13. dxe5 Nxe5 14. O-O
O-O 15. a3 Re8 16. Bb5 Bd7 17. Bxd7 Nxd7 18. Nf3 Re2 19. Rab1 Nc5 20. Rfe1 Rae8
21. Kf1 R2e4 22. Rxe4 dxe4 23. Nd2 h6 24. Nc4 g5 25. Bg3 f5 26. Bc7 Rc8 27. Be5
Nb3 28. Rd1 Rxc4 29. Rd8+ Kf7 30. Bxg7 Kxg7 31. Rd7+ Kf8 32. Rxb7 Rc6 33. Rb8+
Kg7 34. a4 Rd6 35. Ke1 Nc5 36. a5 bxa5 37. Rb5 Nd3+ 38. Kf1 Nf4 39. f3 e3 40.
g3 Rd1# {0-1 (40) Philipp,G (1710)-Papapostolou,C (2003) Bad Sooden 2006})) 11.
O-O Bf5 (11... e5)) 10... c4 11. Qc2 Bf5 12. Qc1 f6 13. Be2 O-O 14. O-O e5 15.
Rd1 Bd3 16. Bf1 e4 17. Nd2 g5 18. Bg3 f5 19. f4 Bh6 (19... gxf4 $1 20. Bxf4 Ne7
$1 21. b3 Qe6 22. Bg3 Bh6 23. Re1 Rac8 24. Qa3 b5 25. Bf4 Bxf4 26. exf4 Qd7 $15
) (19... g4 $1 20. Bh4 Rf7 (20... Bf6 21. Bxf6 Rxf6 22. b3 Na5 23. bxc4 dxc4
24. Bxd3 cxd3 25. c4 Qc7 $15)) 20. Re1 (20. b3 Na5 21. Re1 g4) 20... Rae8 (
20... Rac8 $1) (20... Ne7 $1) 21. fxg5 Bxg5 22. b3 Bxe3+ $4 (22... Na5 $1 $17
23. Qa3 Qh6 24. Bf4 Bxf4 25. exf4 b6 26. g3 Re6 27. Qa4 Rg6 28. Bg2 Qg7 29.
bxc4 (29. Nf1 h5 30. Ne3 h4 31. gxh4 Qh7) 29... Nxc4 30. Nxc4 Bxc4) 23. Rxe3 f4
(23... Nxd4 24. cxd4 f4 25. Bxf4 Qxd4 26. Bh6 Re6 27. Bxf8 Qxe3+ 28. Kh1 Kxf8
29. bxc4) 24. Bxf4 Rxf4 25. Rg3+ $2 (25. Nxc4 $1 Qc7 26. Bxd3 dxc4 27. Bxc4+
Kh8 28. g3) 25... Kh8 26. bxc4 $4 (26. Nxc4 Qc7 27. Bxd3 exd3 28. Ne5) 26...
Bxf1 $4 (26... Nxd4 $1 27. cxd4 Qxd4+ 28. Kh1 dxc4 $1 29. Bxd3 (29. Nxc4 $4
Rxf1+) 29... exd3 30. Nxc4 Qxc4 31. Qxc4 Rxc4 32. Rxd3 $11) 27. Nxf1 Ref8 28.
Ne3 Ne7 (28... dxc4 29. Nd5 $1 Nxd4 30. Qxf4 $1 Ne2+ 31. Kh1 Rxf4 32. Nxb6
Nxg3+ 33. hxg3 Rg4 34. Nxc4 Rxg3 35. Rc1 Rd3 36. Rc2) 29. cxd5 h5 $6 30. Rb1 (
30. Qd1 Rh4 31. Qe2) 30... Qh6 31. Qe1 b6 32. c4 Qf6 (32... Kh7) (32... Nf5)
33. Rd1 (33. Qe2) (33. Rh3) 33... Ng6 $6 (33... Nf5) 34. c5 h4 (34... Rf2) 35.
Rg4 Rxg4 36. Nxg4 Qg5 $6 (36... Qf5 37. Ne5 Nf4 38. Qxh4+ Kg8 39. h3 Nxd5 40.
Ng4) 37. Qxe4 Rf4 38. Qe8+ (38. Ne5 Rxe4 39. Nf7+ Kg8 40. Nxg5) 38... Kg7 39.
Ne5 Rxd4 40. Qf7+ Kh6 41. Rxd4 Nxe5 (41... Qe3+ 42. Kf1 Qxe5 43. Rd1) 42. Qf8+
Kh7 43. Rf4 h3 44. Qf5+ 1-0

[Event "Mechanics' Peter Grey TNM; G/2 d5"]
[Site "San Francisco"]
[Date "2017.09.05"]
[Round "5.2"]
[White "Diaz, Conrado"]
[Black "Winslow, Elliott C"]
[Result "1/2-1/2"]
[WhiteElo "2293"]
[BlackElo "2321"]
[Annotator "Winslow,Elliott"]
[PlyCount "47"]
[EventDate "2017.??.??"]

1. d4 Nf6 2. Bg5 (2. Nf3 g6 3. Bg5 Bg7 4. Nbd2 d6 5. c3 Nbd7 6. e3 h6 7. Bh4 g5
8. Bg3 Nh5 9. Bd3 e6 10. Ng1 Nxg3 11. hxg3 Qe7 12. Qf3 (12. Ne2 Nf6 13. Qb3 a6
14. e4 b6 15. a4 Bb7 16. f3 Nd7 17. Nf1 h5 18. Ne3 h4 19. g4 c5 20. Kf2 Rc8 21.
d5 Ne5 22. Rad1 O-O 23. Bc4 b5 24. axb5 axb5 25. Bxb5 f5 26. gxf5 c4 27. Bxc4
exf5 28. exf5 Nxc4 29. Nxc4 Ba6 30. Ne3 Rfe8 31. Qb6 Bxe2 32. Kxe2 Rb8 {
0-1 (32) Venkatesh,M (2501)-Guseinov,G (2623) Moscow 2013}) 12... Nf6 13. g4 d5
14. Ne2 e5 15. Bf5 e4 16. Qh3 Bxf5 17. gxf5 O-O-O 18. g4 h5 19. gxh5 Rxh5 20.
Qg2 Rxh1+ 21. Qxh1 Qd7 22. Ng3 Rh8 23. Qg2 Bf8 24. O-O-O Bd6 25. Rg1 Rh4 26. a3
Ng4 27. Ndf1 Bxg3 28. Qxg3 Qxf5 29. Kd2 f6 30. Rg2 Qf3 31. Ke1 Qxg3 32. Rxg3
Kd7 33. Ke2 Ke6 34. Rg2 f5 35. f3 exf3+ 36. Kxf3 Rh1 37. Ng3 Re1 38. Re2 Rg1
39. c4 dxc4 40. e4 f4 41. Nh5 Ne3 42. Rh2 Rf1+ 43. Ke2 Ng4 44. Rg2 f3+ 45. Kxf1
Ne3+ 46. Kf2 fxg2 47. Ng3 Nd1+ 48. Kxg2 Nxb2 49. Kf3 b5 50. e5 c3 51. Ke2 c5
52. dxc5 Kxe5 53. c6 Kd6 54. Ne4+ Kxc6 55. Nxc3 Nc4 56. a4 b4 57. Ne4 g4 58.
Kd3 Nb2+ 59. Kd4 Nxa4 60. Kc4 b3 {
0-1 (60) Prohaszka,P (2617)-Saric,I (2678) Bol 2015}) 2... d6 3. Nf3 Nbd7 4.
Nbd2 h6 5. Bh4 g5 6. Bg3 Nh5 7. e3 ({Relevant:} 7. e4 Bg7 8. c3 e6 9. Bd3 Qe7
10. Qe2 b6 11. Nf1 Nf4 12. Bxf4 gxf4 13. N3d2 {
1-0 (13) Bryzgalin,K (2467)-Jones,G (2635) Warsaw 2011}) 7... e6 8. Bc4 (8. Ng1
Nxg3 9. hxg3 Bg7 10. c3 (10. Bd3 Qe7 11. c3 Nf6 (11... b6 12. Be4 d5 13. Bd3 e5
14. Qa4 Bb7 15. Ne2 O-O 16. Bf5 Nf6 17. Nf3 exd4 18. cxd4 Ne4 19. Rc1 c5 20.
Nc3 Nxg3 21. fxg3 Qxe3+ 22. Kd1 cxd4 23. Re1 Qf2 24. Rc2 Qxg3 25. Nxd4 Qf4 26.
Nce2 Qf2 27. g4 Rfe8 28. Rd2 Re5 29. Bd3 Rae8 30. Nf5 Bf8 31. Nfg3 d4 32. Rf1
Qg2 33. Rg1 Qh2 34. Rf1 Qg2 35. Rg1 Qf3 36. Rf1 Qxg4 37. Qxd4 Qxd4 38. Nxd4 Bb4
39. Re2 Bd5 40. Nh5 Rxe2 41. Nf6+ Kf8 42. Nxe2 Re3 43. Kc2 Be6 44. Ne4 Bh3 45.
Rf6 {1-0 (45) De las Heras,J (2270)-Rosito,J (2360) Buenos Aires 1998}) (11...
f5 12. g4 fxg4 13. Qxg4 Nf6 14. Bg6+ Kd8 15. Qe2 Bd7 16. Ngf3 Rf8 17. Bd3 a5
18. Nf1 a4 19. a3 Ra5 20. N1d2 Be8 21. e4 g4 22. Nh4 g3 23. fxg3 Nh5 24. Qe3
Qg5 25. Qxg5+ hxg5 26. Nc4 Rb5 27. Nf3 g4 28. Nfd2 Nxg3 29. Rh7 Rh5 30. Rxh5
Bxh5 31. Ne3 Bh6 32. Ndf1 Nh1 33. Bc4 Rf4 34. g3 Rf3 35. Bxe6 Nxg3 36. Nxg3
Rxe3+ 37. Kf2 Rf3+ 38. Kg2 Bg6 39. Bxg4 Rd3 40. Bf5 Rd2+ 41. Kf3 Bf7 42. Rh1
Bg5 43. Kg4 Bf6 44. Rh7 Bb3 45. e5 dxe5 46. Ne4 Bd1+ 47. Kg3 Rd3+ 48. Kh2 Bc2
49. Rd7+ Ke8 50. Nd6+ {1-0 (50) Zhang,Z (2430)-Damaso,R (2415) Macau 1996}) 12.
Qc2 (12. Ne2 Bd7 13. Qc2 d5 14. Ng1 c5 15. Ngf3 Ng4 16. Nh2 Nxh2 17. Rxh2 Rc8
18. Qd1 b5 19. dxc5 Qxc5 20. a3 a5 21. Nb3 Qb6 22. Qd2 e5 23. Qe2 O-O 24. e4
dxe4 25. Bxe4 Be6 26. Bc2 Rfe8 27. g4 e4 28. Rd1 b4 29. Nd4 bxc3 30. Nxe6 Rxe6
31. b3 e3 32. f3 Rd6 33. g3 Rd2 34. Rxd2 cxd2+ 35. Kd1 Qxb3 36. Qxd2 Qxa3 37.
Qd3 Qe7 38. Ke1 Qc7 39. Rg2 Qc3+ 40. Qxc3 Bxc3+ 41. Ke2 Bd2 42. Ba4 Rc1 43. f4
Ra1 44. Bc6 a4 45. Rh2 a3 46. Kd3 Kg7 47. Bd5 Rg1 48. fxg5 hxg5 49. Ke4 Rxg3 {
0-1 (49) Dresen,U (2259)-Schebler,G (2500) Germany 2002}) 12... Bd7 13. e4 Rc8
14. Qb3 Bc6 15. O-O-O Qd7 16. Qc2 b5 17. Nb3 b4 18. c4 Ba4 19. Qe2 a5 20. f4
Bxb3 21. axb3 a4 22. bxa4 Qxa4 23. e5 dxe5 24. fxe5 Nd7 25. c5 Rb8 26. Qc2 b3
27. Qc3 Rb4 28. Ne2 O-O 29. Kd2 Rfb8 30. Ke3 Nf8 31. Ra1 Qd7 32. Rhf1 Ng6 33.
Ra7 Ne7 34. Be4 Nd5+ 35. Bxd5 Qxd5 36. Rxc7 Bxe5 37. Rc8+ Rxc8 38. Qxb4 Rb8 39.
Qa5 Bg7 40. Qc7 Rf8 41. Qd6 Qxg2 42. Rc1 Qa8 43. c6 Rd8 44. Qc5 Bf8 45. Qc4 Rc8
46. Kf3 Qa2 47. Qc3 Qa4 48. Qc4 Qa2 49. Nc3 Qxb2 50. Rb1 Qc2 51. Qxb3 Qxb3 52.
Rxb3 Rxc6 53. d5 exd5 54. Nxd5 Kh7 55. Rb7 Kg6 56. Rb8 Rd6 57. Ke4 Re6+ 58. Kf3
Bg7 59. Rb7 Bf6 60. g4 Re5 61. Ne3 Bd8 62. Rb8 Ba5 63. Nf5 h5 64. Rg8+ Kf6 65.
Ne3 Bb6 66. Nc4 hxg4+ 67. Kg3 Re6 68. Nxb6 Rxb6 69. Kxg4 Rb4+ 70. Kg3 Kf5 71.
Rc8 Rb3+ {0-1 (71) Ellinger,H (2180)-Rempel,E (2041) Illertissen 2005}) 10...
Qe7 11. Qc2 b6 12. Be2 Bb7 13. Bf3 d5 14. O-O-O O-O-O 15. Kb1 (15. Be2 Kb8 16.
f4 Nf6 17. Nh3 Ne8 18. Rhg1 c5 19. Kb1 Rc8 20. Qb3 Nd6 21. Nf2 Rc7 22. Rge1
Rhc8 23. Qa3 a5 24. Bd3 c4 25. Be2 Qd7 26. Ka1 Bf8 {
0-1 (26) Wolf,U-Teske,H (2480) Giessen 1993}) 15... Kb8 16. Be2 Rc8 17. Qa4 c5
18. Ba6 Bc6 19. Bb5 Bxb5 20. Qxb5 Rc7 21. Ngf3 Rhc8 22. Rhe1 Qf6 23. Qe2 Qg6+
24. Ka1 Qc2 25. Nb3 Qe4 26. Nbd2 Qc2 27. Nb3 Qe4 28. Nbd2 Qc2 29. Nb3 {
1/2-1/2 (29) Wolf,U (2255) -Seedorf,S (2215) Germany 1995}) 8... Bg7 9. Qe2 (9.
c3 Qe7 (9... Nf8 10. Nf1 f5 11. N3d2 Nxg3 12. Nxg3 Qf6 13. Nh5 Qf7 14. e4 fxe4
15. Nxe4 Bd7 16. Nxg7+ Qxg7 17. Qh5+ Qg6 18. Bd3 Qxh5 19. Nf6+ Ke7 20. Nxh5 Be8
21. Ng3 Bg6 22. Bc4 Nh7 23. O-O-O Nf6 24. Rhe1 d5 25. Bd3 Bxd3 26. Rxd3 Kd6 27.
Rde3 Rae8 28. f3 Rhf8 29. Re5 Rg8 30. c4 dxc4 31. Rc5 b6 32. Rxc4 a5 33. Kd2
Rgf8 34. Rec1 Nd5 35. Ne4+ Kd7 36. Nc3 Nxc3 37. R4xc3 Rc8 38. Rc6 g4 39. Ke3
gxf3 40. gxf3 Rf5 41. Ke4 Rh5 42. R1c2 Rg5 43. f4 Rh5 44. R6c3 Kd6 45. Rg3 c6
46. a4 b5 47. axb5 Rxb5 48. Rg6 Rh5 49. Re2 Re8 50. Kf3 Kd7 51. Kg4 Rd5 52. Re4
h5+ 53. Kg3 Rb5 54. Re2 Rb4 {1/2-1/2 (54) Muse,M (2400)-Roos,B Berlin West 1989
}) 10. Qc2 (10. Ng1 Nxg3 11. hxg3 d5 (11... O-O 12. Qh5 Nf6 13. Qe2 e5 14. dxe5
dxe5 15. e4 Rd8 16. Ngf3 a6 17. a4 Bd7 18. O-O Ng4 19. Nh2 Nxh2 20. Kxh2 Bf8
21. Rfd1 Qf6 22. Nf1 Bc6 23. Bd5 Bc5 24. Bxc6 Qxc6 25. g4 Qf6 26. Kg1 Qf4 27.
g3 Qf6 28. Kg2 Qc6 29. Qc4 Rd6 30. Rd5 Rxd5 31. exd5 Qd6 32. Nd2 Ba7 33. Ne4
Qe7 34. Rd1 Kg7 35. d6 cxd6 36. Nxd6 Kf8 37. Nf5 Qc5 38. Qxc5+ Bxc5 39. Rd7 b5
40. b4 Bb6 41. a5 Bd8 42. Nxh6 f6 43. Nf7 Be7 44. Nd6 Rd8 45. Rxd8+ Bxd8 46.
Kf3 Ke7 47. Nb7 Bc7 48. Nc5 Bd6 49. Nxa6 Kd7 50. Ke4 Kc6 51. Nc5 {
1-0 (51) Marcos,M (2104) -Derakhshani,D (2192) Abu Dhabi 2015}) 12. Be2 e5 13.
Qb3 c6 14. Ngf3 e4 15. Ng1 O-O 16. Nh3 Nf6 17. O-O Be6 18. c4 dxc4 19. Bxc4 Nd5
20. Qc2 f5 21. a3 Rfc8 22. Rac1 a5 23. Be2 a4 24. Qd1 c5 25. dxc5 Bxb2 26. Rc2
Bxa3 27. g4 Bxc5 28. gxf5 Bxf5 29. Bg4 Bxg4 30. Qxg4 Nxe3 31. fxe3 Bxe3+ 32.
Kh1 Rxc2 33. Nxe4 Rc1 34. Rxc1 Bxc1 35. Qf5 Rf8 36. Qd5+ Qf7 {
0-1 (36) Kilicaslan,H (2314)-Nedev,T (2480) Plovdiv 2003}) (10. Qa4 a6 11. Be2
Nxg3 12. hxg3 O-O 13. Nh2 f5 14. O-O-O b5 15. Qb3 d5 16. g4 c5 17. Bf3 f4 18.
Rde1 Bb7 19. Kb1 Qd6 20. Nhf1 Rac8 21. g3 fxe3 22. fxe3 e5 23. dxc5 Nxc5 24.
Ne4 Qg6 {0-1 (24) Valevsky,L (2210) -Zunker,R (2150) Germany 1998}) (10. a4 O-O
11. Ba2 Rd8 12. Qc2 Nf8 13. O-O-O Bd7 14. e4 Ng6 15. Nf1 c6 16. Ne3 d5 17. Ne5
Nxe5 18. Bxe5 f6 19. Bc7 Rdc8 20. Ba5 Be8 21. exd5 cxd5 22. Bb1 Bf8 23. Bb4 Qg7
24. Bxf8 Kxf8 25. g3 f5 26. h4 Nf6 27. hxg5 hxg5 28. Rh2 Bg6 29. g4 Ne4 30.
gxf5 Bxf5 31. Nxf5 exf5 32. Rdh1 Kg8 33. f3 Nd6 34. Rh6 Rd8 35. Qh2 Nf7 36. Rh7
Qf6 37. Qc7 {1-0 (37) Giretti Kanev,J (2165)-Remmler,V Verona 1997}) 10... f5 (
10... b6 11. O-O Bb7 12. Rac1 O-O 13. Rfd1 Kh8 14. b4 f5 15. Qd3 Rad8 16. Bb3
e5 17. Qe2 e4 18. Ne1 Ndf6 19. f3 Nxg3 20. hxg3 Qe8 21. Nf1 Qg6 22. c4 Rde8 23.
f4 Re7 24. c5 d5 25. cxb6 cxb6 26. Rc3 Ne8 27. a4 a6 28. b5 a5 29. Qa2 Qe6 30.
Rdc1 Rd7 31. Qa3 Rg8 32. Nd2 Bf8 33. Qa2 Bb4 34. R3c2 gxf4 35. gxf4 h5 36. Nf1
h4 37. Rf2 Rdg7 38. Nc2 Be7 39. Ne1 h3 40. Rc6 Bxc6 41. bxc6 Nc7 42. g3 Bh4 43.
Rh2 Bxg3 44. Rxh3+ Bh4+ 45. Kh2 Rh7 46. Ng2 Bg3+ 47. Nxg3 Rxh3+ 48. Kxh3 Qg6
49. Qf2 Qg4+ 50. Kh2 Rg6 51. Qe1 Rh6+ 52. Kg1 Rh3 53. Nf1 Qh5 54. Bd1 Rh1+ 55.
Kf2 Qg6 56. Qc3 Qd6 57. Be2 Qb4 58. Qc2 Kg8 59. Bd1 Qc4 60. Qxc4 dxc4 61. Ne1
Rh6 62. Ng3 Rxc6 63. Nxf5 Kf7 64. Bc2 Na6 65. Bxe4 Rc7 66. Bc2 Nb4 67. Ke2 c3
68. e4 Ke6 69. Bb3+ Kf6 70. Nc2 Rh7 71. Nxb4 Rh2+ 72. Kd3 axb4 73. Ne3 Rh3 74.
e5+ Ke7 75. f5 {1-0 (75) Gerliani,R (1920)-Sharapan,D Kislovodsk 2010}) 11. h3
(11. O-O-O Ndf6 12. Ne1 Bd7 13. f3 Nxg3 14. hxg3 c5 15. dxc5 d5 16. Bb3 Qxc5
17. e4 dxe4 18. fxe4 O-O-O 19. Nd3 Qc7 20. Rhe1 Ng4 21. Nf3 Rhe8 22. e5 Kb8 23.
Nd4 Nxe5 24. Nxe5 Bxe5 25. Nxe6 Bxe6 26. Rxd8+ Qxd8 27. Rxe5 Bxb3 28. Rxe8 Qxe8
29. axb3 Qe1+ 30. Qd1 Qxd1+ 31. Kxd1 Kc7 32. b4 Kd6 33. Ke2 a6 34. Kd3 Kd5 35.
c4+ Ke5 36. c5 Kd5 37. b3 h5 38. Kc3 h4 39. gxh4 gxh4 40. Kd3 f4 {
0-1 (40) Nikolac,J (2448)-Stohl,I (2533) Pula 2001}) 11... Nxg3 12. fxg3 Nf6
13. O-O-O d5 14. Bd3 Ne4 15. Nf1 Bd7 16. g4 O-O-O 17. c4 Bc6 18. Re1 h5 19.
gxf5 exf5 20. N1d2 g4 21. Nh2 dxc4 22. Bxe4 fxe4 23. Nxc4 g3 24. Nf1 h4 25.
Nfd2 Rhf8 26. Rhf1 Rf2 27. Rxf2 gxf2 28. Rf1 Rf8 29. Nb1 Bd5 30. Nba3 Qf7 31.
Nd6+ {
1-0 (31) Fenollar Jorda,M (2329) -Arizmendi Martinez,J (2542) Mislata 2006}) (
9. Bb3 Qe7 10. c3 b6 11. Ne5 dxe5 12. Qxh5 Bb7 13. O-O exd4 14. cxd4 O-O 15.
Rac1 c5 16. Ba4 Rfd8 17. Bxd7 Qxd7 18. Nc4 cxd4 19. Nd6 Ba6 20. Rfd1 e5 21. Nc4
Qe6 22. b3 Rac8 23. h4 b5 24. Na5 dxe3 25. hxg5 Rxd1+ 26. Rxd1 hxg5 27. fxe3
Qe7 28. b4 Rc2 29. Rd5 Rc1+ 30. Kh2 Bc8 31. Rxb5 Bd7 32. Rb8+ Rc8 33. Rb7 a6
34. e4 Bf6 35. Qh6 Bg7 36. Qxa6 Qe6 37. Qxe6 Bxe6 38. b5 Ra8 39. Nc6 Rxa2 40.
b6 Kh7 41. Ra7 {1-0 (41) Aikhoje,O (2341)-Gallagher,J (2521) Scarborough 1999})
(9. Ng1 Nxg3 10. hxg3 Nf6 11. Bb3 Bd7 12. g4 Bc6 13. f3 Qe7 14. e4 O-O-O 15.
Ne2 h5 16. gxh5 Nxh5 17. c3 Nf4 18. Rg1 Nd3+ 19. Kf1 f5 20. exf5 exf5 21. Nc4
Nf4 22. Nxf4 gxf4 23. Qe2 Qg5 24. Na5 Rde8 25. Be6+ Kb8 26. Nxc6+ bxc6 27. Qc4
Qg3 28. Bd7 a6 29. Qxa6 Re3 30. Bxc6 {
1-0 (30) Fenollar Jorda,M (2298)-Moran Rodriguez,L (2119) Mislata 2008}) 9...
Qe7 10. Nb3 $146 {How nice -- I get to make some more "mirror moves." But
perhaps I'm just being lured.} ({Predecessor:} 10. Bb3 c5 11. a3 a6 12. Nc4
Nxg3 13. hxg3 d5 14. Nce5 Nxe5 15. Nxe5 Bxe5 16. dxe5 Bd7 17. f4 O-O-O 18.
O-O-O c4 19. Ba2 c3 20. f5 cxb2+ 21. Kxb2 exf5 22. Rxd5 Bc6 23. Rxd8+ Rxd8 24.
Rxh6 Qxe5+ 25. Kb1 Bb5 26. Qf3 g4 {
0-1 (26) Tariq,W-Sebenik,M (2482) ICC INT 2009}) 10... Nb6 (10... Nxg3 11. hxg3
Nf6) (10... a5 11. a4 f5) (10... f5 11. Bd3 O-O 12. a4 Ndf6 {
could well be a better direction}) 11. Bd3 a5 12. a4 Bd7 13. Bb5 c6 14. Bd3 Nd5
15. c3 f5 16. Nfd2 Nxg3 17. hxg3 b6 18. e4 fxe4 19. Qxe4 Kd8 {Surely nobody
would accuse me of playing a move purely for surprise value!? (Stockfish's
first choice!)} 20. Qe2 {(} Kc7 $6 {repeats)} (20... e5 21. dxe5 Qxe5 22. Qxe5
Bxe5 23. Nc4 Kc7 24. Nxe5 Rae8 $11 {[%eval 0,0] pretty much stays}) 21. Be4 $6
(21. Nc4 $5 e5 (21... Rad8 22. Be4 h5) 22. dxe5 Bxe5 23. Nxe5 Qxe5 24. Qxe5
dxe5 25. Nd2 {is a token advantage in the isolated e-pawn -- but then there is
the fixed a4 pawn, the doubled g-pawns, the backward h-pawn -- everybody's got
weak.}) 21... Nf6 (21... e5 $5 {when} 22. Bxd5 cxd5 23. O-O {gets the dreaded
"0.00x5" from Stockfish. I usually have it set to show me the top 5 lines...)})
22. Bd3 Rhf8 $6 ({and} 22... e5 {is SF's nominal advantage for Black}) 23. Nc4
Nd5 $6 {Looking now I like the idea of moving my d7-bishop and getting in ...
Nd7 At this moment O'Connor-Stearman was drawn with a silent handshake on
Board 1. Conrado said "Draw?" almost impetuously. I said "I'll make a note of
it" and wrote "1/2?" on my scoresheet to the right of where a White move would
be. He then played} 24. Nbd2 {and after quite some thought I agreed to a draw.
He objected! He didn't think the draw was still on the table, because he had
moved! I just stopped the clock and got JD theTD, who explained it to him. One
correctly offers a draw after a move (but before hitting the clock). He
offered it on his time (correct), but I have the right to see his move before
deciding.} 1/2-1/2

[Event "Mechanics' Winter TNM; G/2"]
[Site "San Francisco"]
[Date "2017.01.24"]
[Round "4.40"]
[White "Donaldson, Kyle"]
[Black "Adams, Sophie"]
[Result "0-1"]
[WhiteElo "1443"]
[BlackElo "1319"]
[PlyCount "84"]
[EventDate "2017.??.??"]

1. e4 e5 2. Nf3 Nc6 3. d4 exd4 4. Bc4 d6 5. O-O Be7 6. Nxd4 Nxd4 7. Qxd4 Bf6 8.
Qd3 Ne7 9. Nc3 O-O 10. Bf4 Nc6 11. a3 Ne5 12. Qe2 Bg4 13. f3 Nxc4 14. Qxc4 Be6
15. Qd3 Re8 16. Nd5 Bxb2 17. Rab1 Bxd5 18. exd5 Qf6 19. Be3 b6 20. f4 Qc3 21.
Qxc3 Bxc3 22. Rf3 Rxe3 23. Rxe3 Bd4 24. Rbe1 Re8 25. Kf2 f5 26. Kf3 Bxe3 27.
Rxe3 Kf7 28. Rc3 Re7 29. h3 Ke8 30. Re3 Rxe3+ 31. Kxe3 Kd7 32. c4 c6 33. Kd3
cxd5 34. cxd5 b5 35. Kc3 a5 36. g4 g6 37. Kb3 Kc7 38. a4 Kb6 39. axb5 Kxb5 40.
Ka3 Kc5 41. Ka4 Kxd5 42. Kxa5 Ke4 0-1

[Event "Mechanics' Winter TNM; G/2"]
[Site "San Francisco"]
[Date "2017.01.03"]
[Round "1.11"]
[White "Donaldson, Kyle"]
[Black "Walder, Michael S"]
[Result "0-1"]
[WhiteElo "1443"]
[BlackElo "2075"]
[PlyCount "54"]
[EventDate "2017.??.??"]

1. e4 Nf6 2. e5 Nd5 3. c4 Nb6 4. d4 d6 5. f4 dxe5 6. fxe5 Nc6 7. Nf3 Bg4 8. Be3
Bxf3 9. gxf3 e6 10. Nc3 Qh4+ 11. Bf2 Qf4 12. Be2 O-O-O 13. Bg3 Qxd4 14. Qxd4
Nxd4 15. O-O-O Nxe2+ 16. Nxe2 Rxd1+ 17. Rxd1 Nxc4 18. Rd3 Be7 19. Rc3 Nb6 20.
Nd4 a6 21. f4 Rd8 22. Bf2 Nd5 23. Rf3 g6 24. h4 h5 25. Nb3 Nb4 26. a3 Rd3 27.
Nd4 Rxf3 0-1

[Event "Mechanics' Summer TNM; G/2 d5"]
[Site "San Francisco"]
[Date "2017.06.06"]
[Round "3.39"]
[White "Donato, Nate R"]
[Black "Brown, Nicholas M"]
[Result "0-1"]
[WhiteElo "1080"]
[BlackElo "1551"]
[PlyCount "54"]
[EventDate "2017.??.??"]

1. e4 c6 2. d4 d5 3. Nd2 dxe4 4. Nxe4 Nd7 5. Nf3 Ngf6 6. Nc5 $2 Nxc5 7. dxc5
Qa5+ 8. c3 Qxc5 9. Be3 Qd5 10. Bd3 Bg4 11. h3 Bxf3 12. gxf3 e6 13. Qd2 Be7 14.
Rg1 g6 15. Rg3 Rd8 16. Ke2 Qd7 17. Bxa7 Bd6 18. Bd4 e5 19. Qe3 Nd5 20. Qe4 f5
21. Qh4 exd4 22. Qxd4 Qe7+ 23. Kd2 Be5 24. Re1 Bxd4 25. cxd4 Qxe1+ 26. Kxe1 O-O
27. Bc4 Kg7 0-1

[Event "Mechanics' Summer TNM; G/2 d5"]
[Site "San Francisco"]
[Date "2017.05.23"]
[Round "1.37"]
[White "Donato, Nate R"]
[Black "McKellar, Daniel"]
[Result "0-1"]
[WhiteElo "1080"]
[BlackElo "1740"]
[Annotator "Donaldson"]
[PlyCount "92"]
[EventDate "2017.??.??"]

1. e4 c5 2. Nf3 g6 3. c4 Nc6 4. d4 cxd4 5. Nxd4 Bg7 6. Be3 Nf6 7. Nc3 O-O 8.
Be2 d6 9. Qd2 Ng4 10. Nxc6 bxc6 11. Bxg4 Bxg4 12. Bh6 Bxh6 13. Qxh6 Be6 14. b3
Qa5 15. Rc1 d5 16. exd5 cxd5 17. cxd5 Bxd5 18. f3 (18. O-O) 18... Rac8 19. h4
$4 (19. Qd2 $2 Rfd8) (19. Qe3 $11) 19... Rxc3 20. Rxc3 Qxc3+ 21. Qd2 Qxd2+ 22.
Kxd2 Rd8 23. Ke3 Rc8 24. Rd1 Be6 25. g4 Rc2 26. Rd2 Rxd2 27. Kxd2 f5 28. g5 h6
29. f4 hxg5 30. hxg5 Bd5 31. Ke3 Kf7 32. Kd4 Ke6 33. Kc5 Bf3 34. a4 Bd1 35. a5
Bxb3 36. Kc6 Bd5+ 37. Kc5 Bf3 38. Kd4 Kd6 39. Ke3 Kc5 40. Kxf3 Kb5 41. Ke3 Kxa5
42. Kd4 Kb6 43. Kc4 Kc6 44. Kd4 Kd6 45. Kc4 e5 46. fxe5+ Kxe5 0-1

[Event "Mechanics' Fall TNM; G/2 d5"]
[Site "San Francisco"]
[Date "2017.10.24"]
[Round "1.6"]
[White "Donnelly, Patrick"]
[Black "Vickers, Keith"]
[Result "0-1"]
[WhiteElo "1624"]
[BlackElo "2200"]
[Annotator "Donaldson"]
[PlyCount "38"]
[EventDate "2017.??.??"]

1. d4 d5 2. c4 Nc6 3. Nf3 e5 4. cxd5 Qxd5 5. Nc3 Bb4 6. Bd2 Bxc3 7. Bxc3 e4 8.
Nd2 (8. Ne5) 8... Nf6 (8... e3 $5) 9. e3 O-O 10. Bc4 Qg5 11. g3 Bg4 (11... b5
$5 12. d5 bxc4 13. dxc6 Bh3) 12. Qb3 Rab8 13. h3 (13. Qb5) 13... Bd7 14. O-O-O
$4 {Diagram [#]} (14. h4 Qf5 15. Qb5) 14... b5 $1 15. Be2 b4 16. h4 Qf5 17. f3
bxc3 18. Qxc3 exf3 19. Bxf3 Nb4 0-1

[Event "Mechanics' Fall TNM; G/2 d5"]
[Site "San Francisco"]
[Date "2017.10.24"]
[Round "1.21"]
[White "Dougal, Michael"]
[Black "Perlov, Alexander"]
[Result "1-0"]
[WhiteElo "1936"]
[BlackElo "1427"]
[Annotator "Donaldson"]
[PlyCount "45"]
[EventDate "2017.??.??"]

1. e4 d5 2. exd5 Qxd5 3. Nc3 Qa5 4. d4 Nf6 5. Bd3 Nc6 6. Nge2 Nb4 7. Bc4 Bf5 8.
Bb3 O-O-O 9. Bd2 Qa6 (9... e5) 10. a3 Nc6 11. Bxf7 Nxd4 12. Nxd4 Rxd4 13. Bb3
Ne4 14. Nxe4 Bxe4 $4 {Diagram [#]} (14... Rxe4+ $11) 15. Qg4+ Kb8 16. Be3 (16.
O-O-O $1) 16... h5 17. Qh4 $4 {Diagram [#]} (17. Qf4) 17... g5 $4 (17... Bf3 $1
) 18. Qxg5 Bh6 $4 19. Qe5 Rhd8 20. Bxd4 Qg6 21. f4 Qxg2 22. O-O-O Bg6 23. Bxa7+
1-0

[Event "Mechanics' Peter Grey TNM; G/2 d5"]
[Site "San Francisco"]
[Date "2017.09.05"]
[Round "5.9"]
[White "Dougal, Michael"]
[Black "Vickers, Keith"]
[Result "1-0"]
[WhiteElo "1914"]
[BlackElo "2200"]
[Annotator "Donaldson"]
[PlyCount "41"]
[EventDate "2017.??.??"]

1. e4 Nc6 2. d4 d5 3. exd5 Qxd5 4. Nf3 e5 5. Nc3 Bb4 6. Bd2 Bxc3 7. Bxc3 e4 8.
Ne5 Nxe5 9. dxe5 Ne7 10. Qe2 O-O 11. Rd1 Qxa2 12. b3 Bg4 $2 (12... Qa3) 13.
Qxg4 Qxc2 14. Bd2 Rfd8 15. Bc4 b5 16. Bxb5 Qxb3 17. Qe2 Rab8 18. Bc4 Qc2 19.
Rc1 Qa4 20. Qxe4 Qd7 21. Bc3 1-0